Clue: Quotes to Characters - Statistics

General Stats
  • This quiz has been taken 15 times
  • The average score is 7 of 10
Answer Stats
Hint Answer % Correct
I'm going to go home and sleep with my wife Mr. Green
100%
Are you trying to make me look stupid in front the other guests? Col. Mustard
83%
in your hands you each have a lethal weapon
Mr. Boddy
83%
Flames, on the side of my face Mrs. White
83%
1 plus 2 plus 2 plus 1 Wadsworth
83%
But it is dark upstairs and I am frightened of the dark Yvette
67%
And why are you getting phone calls from J. Edgar Hoover? Cop
50%
No, just death, isn't that enough? Mrs. Peacock
50%
No Mr. Green, Communism was just a red herring Ms. Scarlet
50%
Then who did I kill? Prof. Plum
50%
No matching quizzes found
Score Distribution
Percent of People with Each Score
Percentile by Number Answered
Your Score History
You have not taken this quiz